000 00506 a2200169 4500
003 OSt
005 20230929153750.0
008 230929b |||||||| |||| 00| 0 eng d
020 _a9788121906814
040 _coclc
082 _a515.43
_bNAR/I
100 _aNarayan, Shanti
_93723
245 _aIntegral calculus (for B.A. & B. Sc. students) /
_cShanti Narayan, Dr. P K Mittal
260 _bS Chand,
_c2022.
300 _a592 p
942 _2ddc
_cBK
_h515.43
_iNAR/I
_k515.43
_mNAR/I
999 _c42368
_d42368